Hotel Exit (Record no. 190992)
[ view plain ]
| 000 -LEADER | |
|---|---|
| fixed length control field | 00708 a2200169 4500 |
| 003 - CONTROL NUMBER IDENTIFIER | |
| control field | Nust |
| 005 - DATE AND TIME OF LATEST TRANSACTION | |
| control field | 20230529131241.0 |
| 040 ## - CATALOGING SOURCE | |
| Transcribing agency | Nust |
| 082 ## - DEWEY DECIMAL CLASSIFICATION NUMBER | |
| Classification number | 808.83,GRA |
| 100 ## - MAIN ENTRY--PERSONAL NAME | |
| Personal name | Williams, Eliot Grawshay- |
| 9 (RLIN) | 112762 |
| 245 ## - TITLE STATEMENT | |
| Title | Hotel Exit |
| Remainder of title | A Novel |
| Statement of responsibility, etc. | Eliot Grawshay-Williams |
| 260 ## - PUBLICATION, DISTRIBUTION, ETC. | |
| Place of publication, distribution, etc. | London |
| Name of publisher, distributor, etc. | John Long Limited |
| Date of publication, distribution, etc. | 1937 |
| 300 ## - PHYSICAL DESCRIPTION | |
| Extent | 330 p |
| 505 ## - FORMATTED CONTENTS NOTE | |
| Formatted contents note | Maxine Carter (Page-25), Ella Lining (Page-44), Auriol James (Page-62), Cora K. Vatch (Page-102), Yvonne Walters (Page-140), Ander Duval (Page-169), Jane Hastings (Page-189), Paul Johnson (Page-208), Ralapah Hunter (Page-243), Henry Smithers (Page-265), Milward Ferguson (Page-303), Martin York (Page-320). |
| 650 ## - SUBJECT ADDED ENTRY--TOPICAL TERM | |
| Topical term or geographic name entry element | Novel |
| 9 (RLIN) | 2525 |
| 942 ## - ADDED ENTRY ELEMENTS (KOHA) | |
| Source of classification or shelving scheme | |
| Koha item type | Book |
| Withdrawn status | Lost status | Source of classification or shelving scheme | Damaged status | Not for loan | Permanent Location | Current Location | Shelving location | Date acquired | Full call number | Barcode | Date last seen | Price effective from | Koha item type | Public note |
|---|---|---|---|---|---|---|---|---|---|---|---|---|---|---|
| Military College of Signals (MCS) | Military College of Signals (MCS) | General Stacks | 12/12/2016 | 808.83,GRA | MCS29803 | 12/08/2016 | 12/12/2016 | Book | Almirah No.56, Shelf No.6 |
